| 000 | 00450nam a22001817a 4500 | ||
|---|---|---|---|
| 999 |
_c525433 _d525433 |
||
| 003 | NUST | ||
| 005 | 20190702062021.0 | ||
| 038 | _aFaiza | ||
| 082 |
_a891.4911 _bMUK |
||
| 100 |
_aMukhtar Alam _916301 |
||
| 245 |
_aUdari / _cMukhtar Alam |
||
| 260 |
_aPeshawar: _bKitholik Idara Adbiyat, _c1986. |
||
| 300 | _a118p. ; | ||
| 500 | _aPaper back | ||
| 880 |
_6100-01\r _aمختار عالم |
||
| 880 |
_6245-02\r _a /اُڈاری |
||
| 942 |
_2ddc _cBK |
||